A practical organic Chemistry / (Record no. 184309)
[ view plain ]
| 000 -LEADER | |
|---|---|
| fixed length control field | 00881 a2200181 4500 |
| 003 - CONTROL NUMBER IDENTIFIER | |
| control field | Nust |
| 005 - DATE AND TIME OF LATEST TRANSACTION | |
| control field | 20230717093659.0 |
| 040 ## - CATALOGING SOURCE | |
| Transcribing agency | Nust |
| 082 ## - DEWEY DECIMAL CLASSIFICATION NUMBER | |
| Classification number | 547.19,FUR |
| 100 ## - MAIN ENTRY--PERSONAL NAME | |
| Personal name | Furniss B.S |
| 9 (RLIN) | 100212 |
| 245 ## - TITLE STATEMENT | |
| Title | A practical organic Chemistry / |
| Remainder of title | Vogel 's Textbook |
| 250 ## - EDITION STATEMENT | |
| Edition statement | 5th ed |
| 260 ## - PUBLICATION, DISTRIBUTION, ETC. | |
| Place of publication, distribution, etc. | Islamabad, |
| Name of publisher, distributor, etc. | National Book Foundations, |
| 300 ## - PHYSICAL DESCRIPTION | |
| Extent | 1513:p. |
| 505 ## - FORMATTED CONTENTS NOTE | |
| Formatted contents note | Organic Synthesis (Page-1), Experimental Techniques (Page-26), Spectroscopic methods and the Interpretation (Page-254), Solvent and Reagents (Page-395), Aliphatic Compounds (Page-470), Aromatic Compounds (Page-824), Selected Alicyclic Compounds (Page-1087), Selected Heterocyclic Compounds (Page-1127), Investigation and characterization of organic Compounds (Page-1196), Physical CONSTANTS OF Organic Compounds (Page-1298). |
| 650 ## - SUBJECT ADDED ENTRY--TOPICAL TERM | |
| Topical term or geographic name entry element | organic chemistry, |
| 9 (RLIN) | 61219 |
| 942 ## - ADDED ENTRY ELEMENTS (KOHA) | |
| Source of classification or shelving scheme | |
| Koha item type | Book |
| Call number prefix | 547.19,FUR |
| Withdrawn status | Lost status | Source of classification or shelving scheme | Damaged status | Not for loan | Permanent Location | Current Location | Shelving location | Date acquired | Full call number | Barcode | Date last seen | Price effective from | Koha item type | Public note |
|---|---|---|---|---|---|---|---|---|---|---|---|---|---|---|
| Military College of Signals (MCS) | Military College of Signals (MCS) | General Stacks | 12/12/2016 | 547.19,FUR | MCS33552 | 12/08/2016 | 12/12/2016 | Book | Almirah No.77, Shelf No.5 | |||||
| Military College of Signals (MCS) | Military College of Signals (MCS) | General Stacks | 12/12/2016 | 547.19,FUR | MCS33553 | 12/08/2016 | 12/12/2016 | Book | Almirah No.25, Shelf No.5 |
